| 000 | 00813nam a2200229Ia 4500 | ||
|---|---|---|---|
| 001 | 2540 | ||
| 003 | GE_BSU | ||
| 008 | 181216s||||||||xx |||||||||||||| ||und|| | ||
| 020 | _a9789941126000 | ||
| 040 | _cGE_BSU | ||
| 080 | _a27–36+94(479.22)+27–184(479.22) | ||
| 245 | _aქართლის მიმოქცევა. | ||
| 245 | _bახალ ქართულ ენაზე გადმოღებული ტექსტი და ძველი ვერსიების | ||
| 245 | _c[რედ. ელგუჯა გიუნაშვილისა | ||
| 260 | _aთბილისი | ||
| 260 | _bუნივერსალი | ||
| 260 | _c8 ლ. | ||
| 300 | _a219 გვ. | ||
| 541 | _h8 ლ. | ||
| 653 | _aქართლის მიმოქცევა. | ||
| 942 | _cBK | ||
| 999 |
_c36620 _d36620 |
||